000 00912nam a2200277 i 4500
003 DO-SdBNP
005 20230920094204.0
007 ta
008 230919b2023 dr ||||| |||| 00| 0 spa d
020 _a9789945184082
040 _aDO-SdBNP
_bspa
_cBNPHU
_erda
082 4 _aRD864.5
_bL834n
_222
100 1 _aLoinaz Rosario, Yasmery,
_eautora
_984198
245 1 0 _aNo desperté esta mañana :
_bmicrorrelatos /
_cYasmery Loinaz Rosario
264 _aSanto Domingo :
_bBúho,
_c2023.
300 _a141 páginas ;
_c23 cm.
336 _2rdacontent
_atexto
_btxt
337 _2rdamedia
_asin mediación
_bn
338 _2rdacarrier
_avolumen
_bnc
500 _aIncluye datos biográficos de la autora en la solapa de la cubierta
590 _aInventariado, 2023/BT
650 4 _aCuentos dominicanos
650 4 _aLiteratura dominicana
910 _aBtavárez/Validado. Control de calidad MFF
942 _2ddc
_cLBS1
999 _c54828
_d54828